| 000 | 00957 a2200337 4500 | ||
|---|---|---|---|
| 001 | 117081 | ||
| 020 | _a039924509X (board) | ||
| 020 | _a9780399245091 (board) | ||
| 041 | _aeng | ||
| 082 | _a513 | ||
| 100 | _aCarle, Eric | ||
| 246 | _aBook of numbers | ||
| 250 | _a1st board bk. ed. | ||
| 260 | _c2006 | ||
| 490 | _aMy very first library | ||
| 520 | _aUpper and lower halves of divided pages can be turned separately, to match numbers with pictures | ||
| 596 | _a31 | ||
| 697 | _aNumber concept | ||
| 697 | _aJuvenile literature | ||
| 697 | _aCounting | ||
| 697 | _aPicture puzzles | ||
| 697 | _aToy and movable book. | ||
| 856 | _u000028/00002891.jpg | ||
| 040 |
_aBKX _cBKX _dBKX |
||
| 050 |
_aQA113 _b.C375 2006 |
||
| 090 |
_aA Toddler 513 _bCAR |
||
| 245 | 1 | 0 |
_aMy very first book of numbers _cEric Carle |
| 300 |
_a1 volume (unpaged) _bcolor illustrations _c18 cm |
||
| 338 |
_2rdacarrier _avolume _bvolume |
||
| 942 | _cBK | ||
| 999 |
_c117081 _d117081 |
||